000 02519cam a2200373 a 4500
001 17664155
003 ARRUPE
005 20150108111124.0
008 130319s2010 ke b 000 0 eng c
010 _a 2012313688
020 _a9966085513
020 _a9789966085511
035 _a(OCoLC)ocn733578804
040 _aKAT
_beng
_cKAT
_dOSU
_dDLC
042 _apcc
_alcode
043 _af------
050 0 0 _aBT30.A35
_bA36 2010
245 0 0 _aAfrican theology comes of age :
_brevisiting twenty years of the theology of the Ecumenical Symposium of Eastern Africa Theologians (ESEAT) /
_ceditor, Laurenti Magesa.
260 _aNairobi, Kenya :
_bPaulines Publications,
_cc2010.
300 _a176 p. ;
_c21 cm.
490 1 _aEcumenical Symposium of Eastern Africa Theologians (ESEAT) ;
_vno. 5
504 _aIncludes bibliographical references.
505 0 _aWe still dream, O Lord, for Africa -- Introduction -- 1. Africa's contribution to Christology / Diane B. Stinton -- 2. The future of ecclesiology in Africa / Agbonkhianmeghe E. Orobator -- 3. Moral and ethical issues in African Christianity / Laurent Magesa -- 4. Integrity, transparency and good governance / Therese Tinkasiimire -- 5. "Uncompleted mission?" / Mary N. Getui -- 6. Development and challenges of pastoral care in Africa / Adam K. arap Chepkwony -- 7. Interpretation, message and challenge of the Bible in Africa / Paddy Musana -- 8. A review of theological method and worship / Emily Choge and Daniel M'Mutungi -- 9. Towards reconciliation and healing in Africa / Peter Kanyandago -- 10. The phenomenon of violence in Eastern Africa / Nehemiah Nyaundi -- 11. Democracy and reconciliation: more challenges for African Christianity in the 21st century / Peter Mageto -- 12. More questions than responses? / Cletus N. Chukwu -- 13. Facing the challenge of evil / Paul Christian Kiti -- 14. Globalisation: a theo-religious response / Hazel Ayanga.
630 0 0 _aEcumenical Symposium of Eastern Africa Theologians (ESEAT)
_913566
650 0 _aTheology
_zAfrica.
_98573
650 0 _aChristianity and culture
_zAfrica.
_913567
651 0 _aAfrica
_xReligion.
_913568
700 1 _aMagesa, Laurenti,
_d1946-
_99074
730 0 _aEcumenical Symposium of Eastern Africa Theologians (ESEAT)
_913569
830 0 _aEcumenical Symposium of Eastern Africa Theologians (ESEAT) ;
_vno. 5.
_913570
906 _a7
_bcbc
_cpccadap
_d3
_encip
_f20
_gy-gencatlg
942 _2lcc
_cMONOGRAPH
999 _c121539
_d121539